Upravlenije kačestvom /

Saved in:
Bibliographic Details
Main Author: Robertson, A.G (Author)
Other Authors: Siakov, V.I (Translator)
Format: Book
Language:Russian
Published: Moskva, 1974
Tags: Add Tag
No Tags, Be the first to tag this record!

MARC

LEADER 00000nam a22000003a 4500
001 stu41374
005 20150617225719.5
008 931122s1974----xxr-----------------rus-d
040 |a STU  |b slo 
041 0 |a rus 
044 |a xxr 
100 1 |a Robertson, A.G  |4 aut 
245 1 |a Upravlenije kačestvom /  |c [aut.]A.G. Robertson; Z angl. V.I. Siakov 
260 |a Moskva,  |c 1974 
300 |a 251 s 
700 1 |a Siakov, V.I  |4 trl 
996 |b 284M011866  |c M*5894-1  |l MMKN  |s A  |a 24  |w stu41374_0001